| 000 | 00540 a2200181 4500 | ||
|---|---|---|---|
| 001 | ART_7111 | ||
| 005 | 20260410161554.0 | ||
| 008 | 260409a | ||
| 245 | 1 | 0 | _aLos avances en la tecnología informática |
| 100 | 1 | _aMileti, Mabel | |
| 700 | 1 | _aDíaz, Daniel | |
| 700 | 1 | _aGastaldi, Jorgelina | |
| 700 | 1 | _aIngrassia, Ramiro | |
| 700 | 1 | _aMarchese, Alicia G. | |
| 700 | 1 | _aMarcolini, Silvana Beatríz | |
| 700 | 1 | _aVerón, Carmen S. | |
| 773 | 0 |
_tProfesional & Empresaria _g- Año VIII, Nº 89 (feb. 2007) _wREV70 |
|
| 999 |
_c9034 _d9034 |
||